000 00325nam a2200121 a 4500
005 20140414093828.0
008 970101s19uu xx 00 eng d
050 _aVHS 600
_bR 08 t.2
100 _aTeehankee, Dr. Ben
245 _aManaging schools of the future. /
_cby: Dr. Ben Teehankee.
942 _cAVM
999 _c108550
_d108550